| 000 | 00794nam a22003017a 4500 | ||
|---|---|---|---|
| 005 | 20250403164514.0 | ||
| 008 | 250403b2021 |||||||| |||| 00| 0 spa d | ||
| 020 | _a9781119687993 | ||
| 041 | _aING | ||
| 082 | _a617.695 M476m | ||
| 100 | _aMazumdar, Paromita | ||
| 100 | _aChowdhury, Deepshikha | ||
| 245 | _aManual of laboratory testing methods for dental restorative materials | ||
| 260 | _aIndia | ||
| 260 | _bWiley Blackwell | ||
| 260 | _c2021 | ||
| 300 | _a139 páginas | ||
| 650 | _aDENTAL MATERIALS | ||
| 650 | _aRESTORATIVE MATERIALS | ||
| 650 | _aMECHANICAL PROPERTIES | ||
| 650 | _aPHYSICAL PROPERTIES | ||
| 650 | _aARTIFICIAL CARIES | ||
| 650 | _aBACTERIA | ||
| 650 | _aORAL MICROFLORA | ||
| 650 | _aOPTICAL PROPERTIES | ||
| 942 |
_2ddc _cBK |
||
| 999 |
_c13727 _d13727 |
||